01947cam a2200361Mi 450000100190000000500170001900800410003602000180007703500340009503500200012903500210014904000390017004100080020905000260021710000440024324500400028725000280032726000320035530000530038749000280044052007350046865000330120365000290123665000310126565000310129665000460132765100370137365500270141065500270143794200080146495200980147299900150157099110641490210619620250922173527.0140611s2015 enkbj e 000 1 eng  a9781526664808 a(UTL)10047151-01utoronto_inst a(SIRSI)10047151 a(OCoLC)898451804 aAU@bengcAU@dOCLCOdOCLCFdCaOTU aeng 4aPR6119 .H26bM56 2015 aShannon, Samanthad1991-914383eauthor14aThe mime orderc/ Samantha Shannon. aPreferred text edition. aLondon :bBloomsbury,c2024 a535 pages :bmaps, genealogical tables ;c24 cm. aThe bone season ;vb. 2 aPaige Mahoney has escaped the brutal prison camp of Sheol I, but her problems have only just begun: many of the survivors are missing and she is the most wanted person in London...As Scion turns its all-seeing eye on the dreamwalker, the mime-lords and mime-queens of the city's gangs are invited to a rare meeting of the Unnatural Assembly. Jaxon Hall and his Seven Seals prepare to take centre stage, but there are bitter fault lines running through the clairvoyant community and dark secrets around every corner. Then the Rephaim begin crawling out from the shadows. But where is Warden? Paige must keep moving, from Seven Dials to Grub Street to the secret catacombs of Camden, until the fate of the underworld can be decided. 0aClairvoyancevFiction925940 0aPsychicsvFiction925941 0aTelepathy xFiction911610 0aInsurgencyvFiction925942 0aGovernment, Resistance tovFiction925943 0aLondon (England)vFiction924106 0aFantasy fiction922510 0aScience fiction922728 2lcc 00102lcc4070aTBSbTBSd2025-09-22l0oP-EN SHA (II)pB07590r2025-09-22t1w2025-09-22y1 c4973d4973